|
|
|
|
| LEADER |
00000nam0a2200000 4500 |
| 001 |
33940 |
| 005 |
20231030221820.0 |
| 035 |
|
|
|a (RuTPU)RU\TPU\book\34312
|
| 035 |
|
|
|a BOOK00000963
|
| 090 |
|
|
|a 33940
|
| 100 |
|
|
|a 20011210d1979 k y0rusy50 ca
|
| 101 |
1 |
|
|a rus
|c eng
|
| 102 |
|
|
|a RU
|
| 105 |
|
|
|a a z 001zy
|
| 200 |
1 |
|
|a Слабозаполненные матрицы. Анализ электроэнергетических систем
|e пер. с англ.
|f А. Брамеллер, Р. Аллан, Я. Хэмэм
|
| 210 |
|
|
|a Москва
|c Энергия
|d 1979
|
| 215 |
|
|
|a 192 с.
|
| 320 |
|
|
|a Библиогр.: с. 184-190.
|
| 330 |
|
|
|a Книга, написанная сотрудниками Манчестерского университета А. Брамеллером и Р. Алланом и сотрудником Американского университета в Бейруте Я. Хэмэмом, содержит изложение методики использования ЭВМ для анализа режимов сложных энергосистем, основанной на свойстве слабой заполненности матрицы коэффициентов уравнений. Изложена теория решения систем уравнений большой размерности со слабозаполненными матрицами, рассмотрены специальные приемы программирования. Книга предназначена для научных работников и инженеров, занимающихся расчетом и анализом сложных электроэнергетических систем, и будет полезна студентам и аспирантам соответствующих специальностей.
|
| 610 |
1 |
|
|a математика
|
| 610 |
1 |
|
|a матрицы
|
| 610 |
1 |
|
|a энергетические системы
|
| 610 |
1 |
|
|a математические исследования
|
| 610 |
1 |
|
|a режимы работы
|
| 610 |
1 |
|
|a уравнения
|
| 610 |
1 |
|
|a решения
|
| 610 |
1 |
|
|a теория
|
| 675 |
|
|
|a 621.311.004
|v 3
|
| 700 |
|
1 |
|a Брамеллер
|b А.
|
| 701 |
|
1 |
|a Аллан
|b Р.
|
| 701 |
|
1 |
|a Хэмэм
|b Я.
|
| 801 |
|
0 |
|a RU
|b 63413507
|c 20011210
|g PSBO
|
| 801 |
|
2 |
|a RU
|b 63413507
|c 20200714
|g RCR
|
| 900 |
|
|
|a Моделирование систем управления
|
| 942 |
|
|
|c BK
|